000 00949nam a2200265Ia 4500
003 OSt
005 20220923211348.0
006 a|||||r|||| 00| 0
007 ta
008 220922b |||||||| |||| 00| 0 hin d
020 _a9788185828640 (hbk)
_c300
024 _a353,909
037 _bG-946/21-22, 28/12/2021, hinohar Publisher & Distributors
_cTextual
040 _aARTS
_cARTS
_bhin
041 _2hin
_ahin
082 _aY15.2, 152R1
100 _aजैन, मीरा, ले.
245 0 _aभारत की वीरांगनाएॅं
246 _aBhārat kī vīrāanganāeॅan
260 _aनई दिल्ली
_b विद्या विहार
_c2021
300 _a160पृ.
_ccm.
650 _aसमाजशास्त्र
942 _hY15.2, 152R1
_cTEXL
_2CC
999 _c298784
_d298784